|
|
|
|
| LEADER |
01191nam a22003011 4500 |
| 001 |
9322 |
| 003 |
BD-DhAAL |
| 005 |
20130904160043.0 |
| 008 |
130826s1968 nju b 000 0 eng d |
| 010 |
|
|
|a 68023698
|
| 040 |
|
|
|a DLC
|c DLC
|d DLC
|d BD-DhAAL
|
| 050 |
0 |
0 |
|a PR2811
|b .Y6
|
| 082 |
0 |
0 |
|a 822.3/3
|
| 245 |
1 |
0 |
|a Twentieth century interpretations of Henry IV, part two :
|b a collection of critical essays /
|c edited by David P. Young.
|
| 260 |
|
|
|a Englewood Cliffs, N.J.,
|b Prentice-Hall
|c c1968.
|
| 300 |
|
|
|a vii, 117 p.
|c 21 cm.
|
| 490 |
0 |
|
|a Twentieth century interpretations
|
| 490 |
0 |
|
|a A Spectrum book.
|
| 504 |
|
|
|a Includes bibliographical references.
|
| 541 |
|
|
|e 9322
|
| 600 |
1 |
0 |
|a Shakespeare, William,
|d 1564-1616.
|t King Henry IV.
|n Part 2.
|9 2787
|
| 600 |
0 |
0 |
|a Henry
|b IV,
|c King of England,
|d 1367-1413
|x In literature.
|9 2788
|
| 650 |
|
0 |
|a Kings and rulers in literature.
|9 2789
|
| 651 |
|
0 |
|a Great Britain
|x In literature.
|9 2790
|
| 700 |
|
|
|a Young, David P.
|9 2791
|
| 942 |
|
|
|2 ddc
|c BK
|
| 999 |
|
|
|c 13889
|d 13889
|
| 952 |
|
|
|0 0
|1 4
|2 ddc
|4 0
|6 822_330000000000000_TWE
|7 0
|9 23240
|a BRACUL
|b BRACUL
|c GEN
|d 2013-08-26
|l 0
|o 822.33 TWE
|p 3010009322
|r 2013-08-26
|t 1
|w 2013-08-26
|y BK
|x Koha Inventory 2020
|